000 01127nam a22002657a 4500
005 20170124102937.0
010 _aA-347438
020 _c40.00
035 _aA-347438
037 _bCen Lib/Ret
040 _aDPL
_bHN
082 _a823.08
_bराजका
100 _aराजकाव
_9500
245 _aहजारी प्रसाद द्रिवेदी के एतिहासिक उपन्यास /
_cराजकाव
246 _aHajari Prasad drivedi ke etihasik upanyas /
_bby Raajkava
260 _aदिल्ली
_bसाहित्य निधि
_c1987
270 _bदिल्ली
_a29/59-ए, गली न.११, विश्वास नगर, शाहदरा
_e110032
300 _a108पृ.
_c19सेमी(सजिल्द )
500 _aग्रन्थ सूची शामिल
650 _aशारीरिक शिक्षा
_x
_9105985
650 _aकथा साहित्य
_94735
650 _aPhysical education
_922886
650 _aFiction
_98901
942 _2ddc
_cHN
_h823.08
_mराजका
999 _c112353
_d112353